Vista normal
Vista MARC
Entrada Nombre de reunión
Número de registros utilizados en: 1
001 - NÚMERO DE CONTROL
- campo de control: 82420
003 - IDENTIFICADOR DEL NÚMERO DE CONTROL
- campo de control: DO-SdBNP
005 - FECHA Y HORA DE LA ÚLTIMA TRANSACCIÓN
- campo de control: 20220922150210.0
008 - DATOS DE LONGITUD FIJA
- campo de control de longitud fija: 220922|| aca||aabn | a|a d
040 ## - FUENTE DE LA CATALOGACIÓN
- Centro catalogador/agencia de origen: DO-SdBNP
- Centro/agencia transcriptor: DO-SdBNP
111 ## - ENCABEZAMIENTO--NOMBRE DE CONGRESO/REUNIÓN
- Nombre de congreso/reunión o jurisdicción como elemento de entrada: Exposición Zonas Grises
- Número del congreso/reunión o número de parte o sección: (1:
- Fecha del congreso/reunión: 2016:
- Sede del congreso/Lugar de la reunión: Centro León, Santiago, República Dominicana)
670 ## - FUENTE DE DATOS ENCONTRADOS
- Cita de la fuente: Work cat.: (DO-SdBNP)52450: Exposición Zonas Grises (1: 2016: Centro León, Santiago, República Dominicana), Zonas grises:, 2016
